Vista normal
Vista MARC
Entrada Personal Name
Número de registros utilizados en: 1
001 - CONTROL NUMBER
- control field: 69367
003 - CONTROL NUMBER IDENTIFIER
- control field: OSt
005 - DATE AND TIME OF LATEST TRANSACTION
- control field: 20260310202028.0
008 - FIXED-LENGTH DATA ELEMENTS
- fixed length control field: 260310|| aca||aabn | a|a d
040 ## - CATALOGING SOURCE
- Original cataloging agency: OSt
- Transcribing agency: OSt
100 ## - HEADING--PERSONAL NAME
- Personal name: Rutiaga, Luis
670 ## - SOURCE DATA FOUND
- Source citation: Work cat.: (OSt)60655: Wells, H. G. 1866-1946 autor 59466, La máquina del tiempo ; El hombre invisible ; La guerra de los mundos ; Los primeros hombres en la luna ; Cuentos /